000 00554nam a22001817a 4500
003 CEME
005 20210628204041.0
008 210114b xxu||||| |||| 00| 0 eng d
020 _a9788131733325
040 _cceme
082 _a621.31 SIV
100 _aSivanagaraju, S , Reddy, M. Balasubba , Srilatha, D
_968453
245 _aGeneration and utilization of electrical energy
260 _aINDIA
_bPEARSON EDUCATION
_c2010
300 _a569P
650 _aGENERATION ELECTRICAL ENERGY. UTILIZATION OF ELECTRICAL ENERGY.
_968454
942 _cBK
_2ddc
999 _c576029
_d576029